书目信息 |
| 题名: |
轻型木结构住宅建造技术
|
|
| 作者: | 费本华 , 周海宾 编著 | |
| 分册: | ||
| 出版信息: | 北京 中国建筑工业出版社 2009.11 |
|
| 页数: | 188页 | |
| 开本: | 26cm | |
| 丛书名: | ||
| 单 册: | ||
| 中图分类: | TU745.5 | |
| 科图分类: | ||
| 主题词: | 木结构--mu jie gou--住宅--工程施工 | |
| 电子资源: | ||
| ISBN: | 978-7-112-11260-9 | |
| 000 | 00931nam0 2200229 450 | |
| 001 | 012001000400 | |
| 005 | 20100507091552.00 | |
| 010 | @a978-7-112-11260-9@dCNY29.00 | |
| 100 | @a20100515d2009 km y0chiy0121 eb | |
| 101 | 0 | @achi |
| 102 | @aCN@b110000 | |
| 105 | @aa z 000yy | |
| 200 | 1 | @a轻型木结构住宅建造技术@Aqing xing mu jie gou zhu zhai jian zao ji shu@f费本华, 周海宾编著 |
| 210 | @a北京@c中国建筑工业出版社@d2009.11 | |
| 215 | @a188页@c图@d26cm | |
| 330 | @a本书主要以轻型木结构住宅建筑为对象,参考国外轻型木结构住宅建造技术,结合我国的木结构设计等相关规范,按照从轻型木结构住宅建筑的施工顺序,从基础工程、楼盖工程、墙体工程、屋盖工程和装饰工程五个方面对轻型木结构住宅建造施工技术进行了全面而系统地详述。 | |
| 606 | 0 | @a木结构@Amu jie gou@x住宅@x工程施工 |
| 690 | @aTU745.5@v4 | |
| 701 | 0 | @a费本华@Afei ben hua@4编著 |
| 701 | 0 | @a周海宾@Azhou hai bin@4编著 |
| 801 | 0 | @aCN@c20100515 |
| 905 | @dTU745.5@eF340@f5 | |
| 轻型木结构住宅建造技术/费本华, 周海宾编著.-北京:中国建筑工业出版社,2009.11 |
| 188页:图;26cm |
| ISBN 978-7-112-11260-9:CNY29.00 |
| 本书主要以轻型木结构住宅建筑为对象,参考国外轻型木结构住宅建造技术,结合我国的木结构设计等相关规范,按照从轻型木结构住宅建筑的施工顺序,从基础工程、楼盖工程、墙体工程、屋盖工程和装饰工程五个方面对轻型木结构住宅建造施工技术进行了全面而系统地详述。 |
| ● |
| 相关链接 |
|
|
|
正题名:轻型木结构住宅建造技术
索取号:TU745.5/F340
 
预约/预借
| 序号 | 登录号 | 条形码 | 馆藏地/架位号 | 状态 | 备注 |
| 1 | 899494 | 208994944 | 建筑库201/201建筑库 108排8列6层/ [索取号:TU745.5/F340] | 在馆 | |
| 2 | 899495 | 208994953 | 建筑库201/201建筑库 108排8列6层/ [索取号:TU745.5/F340] | 在馆 | |
| 3 | 899496 | 208994962 | 土木与交通工程学院资料室/土木与交通学院资料室 1排1列1层/ [索取号:TU745.5/F340] | 在馆 | |
| 4 | 899497 | 208994971 | 土木与交通工程学院资料室/土木与交通学院资料室 1排1列1层/ [索取号:TU745.5/F340] | 在馆 | |
| 5 | 899498 | 208994980 | 建筑库201/201建筑库 108排8列6层/ [索取号:TU745.5/F340] | 在馆 |